| 000 | 00725cam a2200253 4500500 | ||
|---|---|---|---|
| 005 | 20260329004727.0 | ||
| 041 | _afre | ||
| 042 | _adc | ||
| 100 | 1 | 0 |
_aLacroix, Alexandre _eauthor |
| 245 | 0 | 0 | _aLe Covid-19 à l’épreuve de la collapsologie |
| 260 | _c2021. | ||
| 500 | _a74 | ||
| 690 | _aCollapsologie | ||
| 690 | _aCovid-19 | ||
| 690 | _aDette | ||
| 690 | _aEffondrement | ||
| 690 | _aLocal | ||
| 690 | _aPablo Servigne | ||
| 690 | _aPandémie | ||
| 690 | _aRaphaël Stevens | ||
| 690 | _aRésilience | ||
| 786 | 0 | _nPhilosophie magazine | 146 | 2 | 2021-02-01 | p. 23-23 | 1951-1787 | |
| 856 | 4 | 1 | _uhttps://shs.cairn.info/magazine-philosophie-magazine-2021-2-page-23?lang=fr&redirect-ssocas=7080 |
| 999 |
_c1836697 _d1836697 |
||